000 00563nam a22001697a 4500
005 20251108175133.0
008 250721s1998 xx 000 0 ara d
082 1 4 _a306/كار
100 1 _aكاريذرس، مايكل
245 1 0 _aلماذا ينفرد الإنسان بالثقافة الثقافات البشرية نشأتها وتنوعها /
264 _bعالم المعرفة،
_c1998.
300 _a319ص.
650 1 7 _aالثقافة الجماهيرية
700 1 _aجلال، شوقي
_eمترجم
942 _2ddc
_cBK
999 _c127048
_d127048